00929nam a2200241 i 4500001000700000003000900007005001700016007000300033008004100036020001800077100003100095245014300126260003900269300003000308490002900338500004300367651003900410700003000449830003400479852003300513999001900546952012200565141020ES-MaACL20250809070333.0t|070919s1994 fr ||||1| fre d a2-253-14000-71 aWalter, Henriette.913933312aL'aventure des langues en occident b: leur origine, leur histoire, leur géographie / cHenriette Walter ; préface d'André Martinet. aParis : bRobert Laffont, c[1994] a595 p. : bil. ; c18 cm.1 aLe Livre de poche ; v13 aBiblioteca Jacinto Martínez Lacalle. 4aEuropa-xLenguas-vHistoria.986191 aMartinet, André.97770403aLe livre de pochev139179656 aES-MaACLjE-12156 bR.140061 c141020d141020 00104070aATENEOMbATENEOMcDEPO2d2008-01-17eSCl0oE-12156p1146737r2023-02-23 00:00:00w2023-02-23yMONOGRAFIA